The All England Law Reports: Reprint (Record no. 1935)
[ view plain ]
| 000 -LEADER | |
|---|---|
| fixed length control field | 00466nam a22001577a 4500 |
| 005 - DATE AND TIME OF INPUT | |
| control field | 20240610135245.0 |
| 008 - DATA ELEMENTS--GENERAL INFORMATION | |
| fixed length control field | 240610b |||||||| |||| 00| 0 eng d |
| 041 ## - LANGUAGE CODE | |
| Language code of text | English |
| 082 ## - SHELF NUMBER | |
| DDC number | 349 LAW |
| 100 ## - MAIN AUTHOR | |
| Language of a work | English |
| 245 ## - TITLE STATEMENT | |
| Title | The All England Law Reports: Reprint |
| 260 ## - PUBLICATION, DISTRIBUTION, ETC. | |
| Place of publication, distribution, etc. | London: |
| Name of publisher, distributor, etc. | Butterworth and Co. Publishers Ltd, |
| Date of publication, distribution, etc. | 1940 |
| 300 ## - PHYSICAL DESCRIPTION | |
| Other physical details | xxi, 658 pages; |
| Dimensions | 25 cm. |
| 650 ## - SUBJECT` | |
| Broad subject | Legal practice |
| Own subject terms | Law |
| 942 ## - ADDED ENTRY ELEMENTS (KOHA) | |
| Item type | Books |
| 942 ## - ADDED ENTRY ELEMENTS (KOHA) | |
| -- | ALISON_BN_VRIES |
| Source of classification or shelving scheme | Volume number (bound volume or other part) | Not for loan | Collection code | Home library | Current library | Shelving location | Date acquired | Full call number | Barcode | Price effective from | Koha item type |
|---|---|---|---|---|---|---|---|---|---|---|---|
| Dewey Decimal Classification | 1940 Volume 1 | ALL ENGLAND LAW REPORTS | LAW SOCIETY OF NAMIBIA LIBRARY - WINDHOEK | LAW SOCIETY OF NAMIBIA LIBRARY - WINDHOEK | All England Law Reports | 06/10/2024 | 349 LAW | LSN/2023/2302 | 06/10/2024 | Books | |
| Dewey Decimal Classification | 1940 Volume 2 | ALL ENGLAND LAW REPORTS | LAW SOCIETY OF NAMIBIA LIBRARY - WINDHOEK | LAW SOCIETY OF NAMIBIA LIBRARY - WINDHOEK | All England Law Reports | 06/10/2024 | 349 LAW | LSN/2023/2303 | 06/10/2024 | Books | |
| Dewey Decimal Classification | 1940 Volume 3 | ALL ENGLAND LAW REPORTS | LAW SOCIETY OF NAMIBIA LIBRARY - WINDHOEK | LAW SOCIETY OF NAMIBIA LIBRARY - WINDHOEK | All England Law Reports | 06/10/2024 | 349 LAW | LSN/2023/2304 | 06/10/2024 | Books | |
| Dewey Decimal Classification | 1940 Volume 4 | ALL ENGLAND LAW REPORTS | LAW SOCIETY OF NAMIBIA LIBRARY - WINDHOEK | LAW SOCIETY OF NAMIBIA LIBRARY - WINDHOEK | All England Law Reports | 06/10/2024 | 349 LAW | LSN/2023/2305 | 06/10/2024 | Books |
